| 000 -LEADER |
| fixed length control field |
00333nam a22001097a 4500 |
| 082 ## - DEWEY DECIMAL CLASSIFICATION NUMBER |
| Classification number |
T2x5452 |
| 100 ## - MAIN ENTRY--PERSONAL NAME |
| Personal name |
Appadurai Pillai, Diwan Bahadur A. |
| 9 (RLIN) |
4061 |
| 245 ## - TITLE STATEMENT |
| Title |
Artesian springs |
| Statement of responsibility, etc |
by Diwan Bahadur A. Appadurai Pillai |
| 260 ## - PUBLICATION, DISTRIBUTION, ETC. (IMPRINT) |
| Place of publication, distribution, etc |
Madras |
| Name of publisher, distributor, etc |
Government Press |
| Date of publication, distribution, etc |
1932 |
| 300 ## - PHYSICAL DESCRIPTION |
| Extent |
21p. |
| 700 ## - ADDED ENTRY--PERSONAL NAME |
| Personal name |
Madras. Department of Industries |
| 9 (RLIN) |
3715 |